00847cam a2200253 a 45000010008000000030004000080050017000120080041000290100017000700200021000870400018001080500021001260820016001472450064001632600044002273000040002715000063003115000021003745000020003955050070004156500018004857100044005037400046005473983420OSt20230704111915.0950123m19941997nyuak 001 0 eng  a 95106930  a9211541247 (set) aDLCcDLCdDLC00aK3238b.H85 1994 a341.48bUNI00aHuman rights :ba compilation of international instruments. aNew York :bUnited Nations,c1994-1997. a2 v.; in 3 :bill., forms ;c21 cm. aAt head of title to v. 1: Centre for Human Rights, Geneva. a"ST/HR/1/Rev.5." aIncludes index.0 av. 1. Universal instruments (2 v.) -- v. 2. Regional instruments. 0aHuman rights.2 aUnited Nations Centre for Human Rights.0 aCompilation of international instruments.